Chile: geografía industrial y tecnológica

Na minha lista:
Detalhes bibliográficos
Autor Corporativo: CORFO (Author)
Formato: Livro
Idioma:espanhol
inglês
Publicado em: Santiago CORFO 2009
Assuntos:
Tags: Adicionar Tag
Sem tags, seja o primeiro a adicionar uma tag!

MARC

LEADER 00000cam a2200000 a 4500
001 UCF6441
003 CL-VaPUC
008 130425e20090000CL |||||||||||||||||spa|d
020 |a 9789568898007 
041 0 7 |a spa  |2 CL-VaPUC 
041 0 7 |a eng  |2 CL-VaPUC 
082 0 4 |a 918.3  |b COR  |2 21 
110 2 |a CORFO  |e author  |9 568410 
245 1 0 |a Chile: geografía industrial y tecnológica 
246 1 0 |a Chile: industrial and technological geography 
300 |a 309 p 
942 |c BK 
945 |d 20130425 00:00:00  |a dcastane 
260 |a Santiago  |b CORFO  |c 2009 
650 0 |a Geografía de Chile   |9 268295 
650 0 |a Industrias   |9 263688 
650 0 |a Tecnología  |9 256742 
583 |a last modification  |c 20171122 01:28:43  |k Rodrigo Vera 
999 |c 351631  |d 351629 
952 |0 0  |1 0  |4 0  |6 918_300000000000000_COR_2009  |7 0  |8 X  |9 455834  |a FDOBUD  |b FDOBUD  |d 2019-11-22  |i 4965809  |o 918.3 COR 2009  |p 4965809  |r 2019-11-22  |w 2019-11-22  |y BK_X  |k BUD 
952 |0 0  |1 0  |4 0  |6 918_300000000000000_COR_2009  |7 0  |8 F  |9 455835  |a BIBING  |b BIBING  |d 2019-11-22  |i 4975960  |o 918.3 COR 2009  |p 4975960  |r 2025-01-20  |w 2019-11-22  |y BK_F  |k GEO 
952 |0 0  |1 0  |4 0  |6 918_300000000000000_COR_2009  |7 0  |8 X  |9 455836  |a BIBEDU  |b BIBEDU  |d 2019-11-22  |i 4975952  |o 918.3 COR 2009  |p 4975952  |r 2023-01-13  |w 2019-11-22  |y BK_X  |k CUE 
952 |0 0  |1 0  |3 erd  |4 0  |6 918_300000000000000_COR_2009  |7 0  |8 X  |9 455837  |a BIBEDU  |b BIBEDU  |i 5403707  |o 918.3 COR 2009  |p 5403707  |r 2023-01-13  |w 2019-11-22  |y BK_X  |z Catalogado en:20170630  |k LIT